Nueva historia de la literatura española
Saved in:
| Hovedforfatter: | |
|---|---|
| Format: | Bog |
| Sprog: | spansk |
| Udgivet: |
Barcelona
Plaza and James
1975
|
| Udgivelse: | 2a. ed |
| Fag: | |
| Tags: |
Tilføj Tag
Ingen Tags, Vær først til at tagge denne postø!
|
MARC
| LEADER | 00000nam a2200000 a 4500 | ||
|---|---|---|---|
| 001 | UCT2564 | ||
| 003 | CL-VaPUC | ||
| 005 | 20240926105242.0 | ||
| 008 | 961011e19750000SP |||||||||||||||||spa|d | ||
| 999 | |c 252620 |d 252618 | ||
| 040 | |c Pontificia Universidad Católica de Valparaíso | ||
| 082 | 0 | 4 | |a 860.9 |b DIA |2 21 |
| 100 | 0 | |a Díaz Plaja, Fernando |e author |9 371570 | |
| 245 | 1 | 0 | |a Nueva historia de la literatura española |
| 250 | |a 2a. ed | ||
| 260 | |a Barcelona |b Plaza and James |c 1975 | ||
| 300 | |a 411 p | ||
| 583 | |a last modification |c 19961011 00:00:00 |k Rodrigo Vera | ||
| 600 | 0 | 7 | |a VEGA, LOPE DE |2 CL-VaPUC |9 319628 |
| 600 | 0 | 7 | |a GONGORA Y ARGOTE, LUIS DE |2 CL-VaPUC |9 267951 |
| 600 | 0 | 7 | |a QUEVEDO, FRANCISCO DE |2 CL-VaPUC |9 254892 |
| 600 | 0 | 7 | |a GRACIAN Y MORALES, BALTASAR |2 CL-VaPUC |9 314545 |
| 600 | 0 | 7 | |a BENAVENTE, JACINTO |2 CL-VaPUC |9 313719 |
| 600 | 0 | |a Alberti, Rafael |e autor |9 267868 | |
| 600 | 0 | |a Azorín, |d 1873-1967 |q Martínez Ruiz, José |9 353525 | |
| 650 | 0 | |a Literatura española |9 306261 | |
| 650 | 0 | |a Historia y crítica |9 257407 | |
| 650 | 0 | |a Crítica e interpretación |9 255042 | |
| 942 | |c BK |2 ddc | ||
| 945 | |d 19961011 00:00:00 |a rleighto | ||
| 952 | |0 0 |1 0 |4 0 |6 860_900000000000000_DIA_1975 |7 0 |8 A |9 272563 |a BIBEDU |b BIBEDU |d 2019-11-19 |i 3239365 |o 860.9 DIA 1975 |p 3239365 |r 2019-11-19 |w 2019-11-19 |y BK |k LIT | ||